[Event "Championship Moscow 2015 Seniors rapid"]
[Site "?"]
[Date "2015.11.29"]
[Round "4.10"]
[White "Tchernyi, Viktor"]
[Black "Yakushev, Vladimir"]
[Result "1-0"]
[BlackElo "2062"]
[WhiteElo "2249"]
[LiveChessVersion "1.4.6"]

1. d4 {[%clk 0:10:00]} d5 {[%clk 0:10:11]} 2. Nc3 {[%clk 0:10:02]} Nf6
{[%clk 0:10:10]} 3. Bg5 {[%clk 0:10:04]} e6 {[%clk 0:10:02]} 4. e4
{[%clk 0:10:03]} dxe4 {[%clk 0:10:00]} 5. Nxe4 {[%clk 0:10:06]} Be7
{[%clk 0:10:03]} 6. Bxf6 {[%clk 0:10:06]} Bxf6 {[%clk 0:10:06]} 7. Nf3
{[%clk 0:10:03]} O-O {[%clk 0:10:03]} 8. c3 {[%clk 0:07:10]} b6 {[%clk 0:09:11]}
9. Bd3 {[%clk 0:07:11]} Ba6 {[%clk 0:08:46]} 10. Bxa6 {[%clk 0:06:26]} Nxa6
{[%clk 0:08:48]} 11. Qe2 {[%clk 0:06:16]} Nb8 {[%clk 0:08:09]} 12. Nxf6+
{[%clk 0:05:56]} Qxf6 {[%clk 0:08:09]} 13. Ne5 {[%clk 0:05:52]} Qd8
{[%clk 0:05:59]} 14. O-O {[%clk 0:05:20]} Nd7 {[%clk 0:04:25]} 15. Nc6
{[%clk 0:05:10]} Qf6 {[%clk 0:03:44]} 16. Rfe1 {[%clk 0:05:05]} a5
{[%clk 0:03:27]} 17. a4 {[%clk 0:04:47]} Rae8 {[%clk 0:03:05]} 18. Qb5
{[%clk 0:04:25]} Nb8 {[%clk 0:02:43]} 19. Ne5 {[%clk 0:04:21]} Qg5
{[%clk 0:02:27]} 20. Qc4 {[%clk 0:03:26]} Re7 {[%clk 0:02:04]} 21. Re3
{[%clk 0:03:21]} Rfe8 {[%clk 0:01:46]} 22. Rae1 {[%clk 0:03:17]} Qf5
{[%clk 0:01:15]} 23. h3 {[%clk 0:02:43]} Qc2 {[%clk 0:01:00]} 24. R3e2
{[%clk 0:02:34]} Qf5 {[%clk 0:01:02]} 25. Re3 {[%clk 0:02:07]} Qc2
{[%clk 0:01:02]} 26. R1e2 {[%clk 0:02:12]} Qd1+ {[%clk 0:00:56]} 27. Kh2
{[%clk 0:02:04]} Rf8 {[%clk 0:00:44]} 28. f4 {[%clk 0:01:20]} h5 {[%clk 0:00:38]}
29. Nf3 {[%clk 0:00:49]} g6 {[%clk 0:00:39]} 30. Ng5 {[%clk 0:00:38]} Kg7
{[%clk 0:00:37]} 31. Nf3 {[%clk 0:00:38]} Qf1 {[%clk 0:00:34]} 32. Qb3
{[%clk 0:00:33]} Nd7 {[%clk 0:00:37]} 33. Re1 {[%clk 0:00:33]} Qa6
{[%clk 0:00:39]} 34. c4 {[%clk 0:00:33]} Nf6 {[%clk 0:00:36]} 35. Ne5
{[%clk 0:00:32]} Ree8 {[%clk 0:00:37]} 36. Qc3 {[%clk 0:00:36]} Kg8
{[%clk 0:00:32]} 37. Nf3 {[%clk 0:00:40]} Nd7 {[%clk 0:00:28]} 38. d5
{[%clk 0:00:41]} Nc5 {[%clk 0:00:27]} 39. b3 {[%clk 0:00:43]} Qc8
{[%clk 0:00:27]} 40. Qe5 {[%clk 0:00:33]} exd5 {[%clk 0:00:28]} 41. Qxe8
{[%clk 0:00:36]} Rxe8 {[%clk 0:00:31]} 42. Rxe8+ {[%clk 0:00:41]} Qxe8 43. Rxe8+
1-0

[Event "Championship Moscow 2015 Seniors rapid"]
[Site "?"]
[Date "2015.11.29"]
[Round "4.11"]
[White "Melnik, Sergey"]
[Black "Kachar, Vladimir"]
[Result "1-0"]
[BlackElo "2237"]
[WhiteElo "2104"]
[LiveChessVersion "1.4.6"]

1. e4 {[%clk 0:10:07]} c5 {[%clk 0:10:09]} 2. Nf3 {[%clk 0:10:09]} e6
{[%clk 0:10:12]} 3. d4 {[%clk 0:10:12]} cxd4 {[%clk 0:10:16]} 4. Nxd4
{[%clk 0:10:16]} Nc6 {[%clk 0:10:20]} 5. Nxc6 {[%clk 0:10:15]} bxc6
{[%clk 0:10:24]} 6. Bd3 {[%clk 0:10:18]} Qc7 {[%clk 0:10:03]} 7. O-O
{[%clk 0:10:15]} Nf6 {[%clk 0:10:05]} 8. Nd2 {[%clk 0:09:33]} d5 {[%clk 0:09:47]}
9. f4 {[%clk 0:08:46]} Bc5+ {[%clk 0:08:38]} 10. Kh1 {[%clk 0:08:47]} h5
{[%clk 0:08:38]} 11. Qf3 {[%clk 0:07:18]} Bb7 {[%clk 0:08:16]} 12. c4
{[%clk 0:05:58]} Bb6 {[%clk 0:07:56]} 13. b4 {[%clk 0:05:22]} Bd4
{[%clk 0:07:59]} 14. Rb1 {[%clk 0:05:22]} Ng4 {[%clk 0:07:02]} 15. Nb3
{[%clk 0:05:16]} Bf6 {[%clk 0:06:48]} 16. Nc5 {[%clk 0:05:17]} Rd8
{[%clk 0:06:25]} 17. e5 {[%clk 0:04:55]} Be7 {[%clk 0:06:27]} 18. cxd5
{[%clk 0:04:46]} cxd5 {[%clk 0:06:22]} 19. Nxb7 {[%clk 0:04:24]} Qxb7
{[%clk 0:06:25]} 20. a4 {[%clk 0:04:00]} g6 {[%clk 0:05:51]} 21. Qe2
{[%clk 0:02:40]} Kf8 {[%clk 0:05:11]} 22. a5 {[%clk 0:02:29]} Nh6
{[%clk 0:04:45]} 23. Be3 {[%clk 0:02:09]} Nf5 {[%clk 0:04:29]} 24. Bxf5
{[%clk 0:02:04]} gxf5 {[%clk 0:04:30]} 25. Bd4 {[%clk 0:02:04]} h4
{[%clk 0:04:14]} 26. h3 {[%clk 0:02:08]} Rg8 {[%clk 0:04:17]} 27. b5
{[%clk 0:02:05]} Rg3 {[%clk 0:04:15]} 28. Rfc1 {[%clk 0:01:45]} Kg7
{[%clk 0:03:16]} 29. Rc6 {[%clk 0:01:29]} Rd7 {[%clk 0:03:12]} 30. Rbc1
{[%clk 0:01:19]} Rb3 {[%clk 0:03:13]} 31. b6 {[%clk 0:01:18]} axb6
{[%clk 0:02:48]} 32. axb6 {[%clk 0:01:22]} Bd8 {[%clk 0:02:35]} 33. Rc8
{[%clk 0:01:03]} Rb4 {[%clk 0:01:55]} 34. Qf2 {[%clk 0:00:58]} Rxd4
{[%clk 0:01:36]} 35. Qxd4 {[%clk 0:01:00]} Qxb6 {[%clk 0:01:40]} 36. Qxb6
{[%clk 0:00:38]} Bxb6 {[%clk 0:01:44]} 37. Rb8 {[%clk 0:00:32]} Ba7
{[%clk 0:00:57]} 38. Ra8 {[%clk 0:00:35]} Rb7 {[%clk 0:01:00]} 39. g3 f6 40. Rcc8
fxe5 41. fxe5 hxg3 42. Rg8+ Kh6 43. Rxg3 Bd4 44. Rh8+ Rh7 45. Rhg8 Bxe5 46. R3g6+
Kh5 47. Rxe6 Bf4 48. Rf6 1-0

[Event "Championship Moscow 2015 Seniors rapid"]
[Site "?"]
[Date "2015.11.29"]
[Round "4.13"]
[White "Kalinin, Anatoly"]
[Black "Kolbanov, Veniamin M."]
[Result "0-1"]
[BlackElo "2124"]
[WhiteElo "2073"]
[LiveChessVersion "1.4.6"]

1. d4 {[%clk 0:10:09]} Nf6 {[%clk 0:10:08]} 2. Nf3 {[%clk 0:10:12]} g6
{[%clk 0:10:09]} 3. c4 {[%clk 0:10:15]} Bg7 {[%clk 0:10:14]} 4. Nc3
{[%clk 0:10:18]} d6 {[%clk 0:10:18]} 5. e4 {[%clk 0:10:20]} O-O {[%clk 0:10:21]}
6. h3 {[%clk 0:10:23]} Nbd7 {[%clk 0:10:20]} 7. Be2 {[%clk 0:10:18]} e5
{[%clk 0:10:24]} 8. d5 {[%clk 0:10:22]} Nc5 {[%clk 0:10:23]} 9. Qc2
{[%clk 0:10:20]} a5 {[%clk 0:10:21]} 10. g4 {[%clk 0:10:11]} Ne8 {[%clk 0:09:52]}
11. Bg5 {[%clk 0:09:55]} f6 {[%clk 0:09:18]} 12. Bh4 {[%clk 0:09:54]} Qd7
{[%clk 0:08:47]} 13. Nd2 {[%clk 0:09:53]} Bh6 {[%clk 0:08:16]} 14. O-O-O
{[%clk 0:09:43]} a4 {[%clk 0:08:01]} 15. Kb1 {[%clk 0:09:40]} Bf4
{[%clk 0:07:34]} 16. f3 {[%clk 0:09:29]} f5 {[%clk 0:07:09]} 17. Rdf1
{[%clk 0:09:04]} Kh8 {[%clk 0:06:51]} 18. Bf2 {[%clk 0:09:04]} b6
{[%clk 0:06:55]} 19. h4 {[%clk 0:08:42]} Qf7 {[%clk 0:04:55]} 20. h5
{[%clk 0:08:40]} fxg4 {[%clk 0:04:01]} 21. fxg4 {[%clk 0:08:25]} Nf6
{[%clk 0:03:57]} 22. hxg6 {[%clk 0:08:18]} Qxg6 {[%clk 0:04:01]} 23. g5
{[%clk 0:07:34]} Ng4 {[%clk 0:02:51]} 24. Bxg4 {[%clk 0:07:01]} Bxg4
{[%clk 0:02:53]} 25. Bxc5 {[%clk 0:05:58]} bxc5 {[%clk 0:02:57]} 26. Rfg1
{[%clk 0:05:40]} Bh5 {[%clk 0:01:53]} 27. a3 {[%clk 0:04:56]} Bxg5
{[%clk 0:01:22]} 28. Qd3 {[%clk 0:04:26]} Rf2 {[%clk 0:01:10]} 29. Qg3
{[%clk 0:03:49]} Rxd2 {[%clk 0:00:44]} 30. Qxg5 {[%clk 0:03:48]} Qxg5
{[%clk 0:00:27]} 31. Rxg5 {[%clk 0:03:50]} Bf3 {[%clk 0:00:29]} 32. Rh3
{[%clk 0:03:25]} Rf8 {[%clk 0:00:19]} 33. Rgg3 {[%clk 0:01:01]} Rf2
{[%clk 0:00:22]} 34. Rh4 {[%clk 0:00:56]} Bg2 {[%clk 0:00:13]} 35. Rhg4
{[%clk 0:00:45]} Bf1 {[%clk 0:00:17]} 36. Rg1 {[%clk 0:00:17]} Bd3+
{[%clk 0:00:17]} 37. Ka1 {[%clk 0:00:19]} Bxc4 {[%clk 0:00:21]} 38. Rc1
{[%clk 0:00:09]} Rf1 {[%clk 0:00:23]} 39. Rg1 {[%clk 0:00:13]} Rxc1+
{[%clk 0:00:26]} 40. Rxc1 {[%clk 0:00:17]} Bb3 {[%clk 0:00:29]} 41. Nb5
{[%clk 0:00:19]} Rf7 {[%clk 0:00:33]} 42. Rf1 {[%clk 0:00:22]} Rxf1#
{[%clk 0:00:35]} 0-1

[Event "Championship Moscow 2015 Seniors rapid"]
[Site "?"]
[Date "2015.11.29"]
[Round "4.14"]
[White "Zavialov, Vladimir"]
[Black "Melikidze, Shota"]
[Result "1-0"]
[BlackElo "2115"]
[WhiteElo "2046"]
[LiveChessVersion "1.4.6"]

1. d4 b5 2. Nf3 e6 3. Bf4 Bd6 4. e3 Bxf4 5. exf4 a6 6. Bd3 Bb7 7. Nbd2 f5 8. O-O
Nf6 9. a4 Nc6 10. axb5 axb5 11. Rxa8 Qxa8 12. c3 O-O 13. Qe2 Ne7 14. Bxb5 Ned5
15. g3 Qa2 16. Rb1 Rb8 17. Bc4 Qa8 18. Qd1 Rf8 19. Ra1 Qe8 20. Bf1 Qg6 21. Nh4
Qh6 22. Ndf3 Ne4 23. Bg2 Qf6 24. Ne5 Qd8 25. Ra7 Bc6 26. Nxc6 dxc6 27. Nf3 Qb8
28. Ra2 Nd6 29. Ne5 Qb7 30. Qa1 Nc4 31. Nd7 Rd8 32. Nc5 Qc8 33. Qe1 Nd6 34. Qxe6+
Qxe6 35. Nxe6 Re8 36. Bxd5 cxd5 37. Nxc7 Re2 38. Nxd5 Ne4 39. Ne3 g6 40. Nd5 Rxf2
41. Nf6+ Kf7 42. Nxe4 1-0

[Event "Championship Moscow 2015 Seniors rapid"]
[Site "?"]
[Date "2015.11.29"]
[Round "4.15"]
[White "Dragomarezkij, Evgeni"]
[Black "Drozdov, Vladimir E."]
[Result "1-0"]
[BlackElo "2008"]
[WhiteElo "2431"]
[LiveChessVersion "1.4.6"]

1. c4 Nf6 2. Nc3 e6 3. d4 d5 4. cxd5 exd5 5. Bg5 Be7 6. e3 O-O 7. Bd3 c6 8. Qc2
Nbd7 9. Nf3 Re8 10. h3 Nf8 11. Bf4 Bd6 12. Bxd6 Qxd6 13. O-O-O Bd7 14. Kb1 b5 15.
Ne5 a5 16. g4 Be6 17. f4 a4 18. g5 Nh5 19. f5 Bd7 20. Rhg1 a3 21. Be2 g6 22. Bxh5
gxh5 23. g6 hxg6 24. fxg6 f6 25. g7 Nh7 26. Nf7 Kxf7 27. g8=Q+ Ke7 28. Qgxh7+ 1-0

[Event "Championship Moscow 2015 Seniors rapid"]
[Site "?"]
[Date "2015.11.29"]
[Round "4.16"]
[White "Gik, Evgeny"]
[Black "Frumson, Yury"]
[Result "0-1"]
[BlackElo "2049"]
[WhiteElo "2164"]
[LiveChessVersion "1.4.6"]

1. e4 {[%clk 0:10:01]} e5 {[%clk 0:10:05]} 2. Nf3 {[%clk 0:10:01]} Nc6
{[%clk 0:10:05]} 3. Bb5 {[%clk 0:10:01]} Nge7 {[%clk 0:10:05]} 4. O-O
{[%clk 0:10:01]} g6 {[%clk 0:10:05]} 5. c3 {[%clk 0:10:01]} Bg7 {[%clk 0:10:05]}
6. d4 {[%clk 0:10:01]} exd4 {[%clk 0:10:05]} 7. cxd4 {[%clk 0:10:01]} d5
{[%clk 0:10:05]} 8. exd5 {[%clk 0:10:01]} Nxd5 {[%clk 0:10:05]} 9. Nc3
{[%clk 0:10:01]} O-O {[%clk 0:10:05]} 10. Bg5 {[%clk 0:10:01]} Qd6
{[%clk 0:10:05]} 11. Qd2 {[%clk 0:10:01]} Bg4 {[%clk 0:10:05]} 12. Bxc6
{[%clk 0:10:01]} bxc6 {[%clk 0:10:05]} 13. Ne4 {[%clk 0:10:01]} Qb4
{[%clk 0:10:05]} 14. Qxb4 {[%clk 0:10:01]} Nxb4 {[%clk 0:10:05]} 15. Ne5
{[%clk 0:10:01]} Bf5 {[%clk 0:10:05]} 16. Nf6+ {[%clk 0:10:01]} Kh8
{[%clk 0:10:05]} 17. a3 Nc2 18. Rad1 h6 19. g4 hxg5 20. gxf5 Bxf6 21. fxg6 Nxd4
22. Nxf7+ Kg7 23. Nxg5 Ne2+ 24. Kh1 Bxg5 25. Rd7+ Kxg6 26. Rxc7 Bf4 27. Rxc6+ Rf6
28. Rc2 Nd4 29. Rg1+ Kf7 30. Rc4 Nf3 31. Rd1 Rh8 32. Kg2 Be5 33. h3 Rg8+ 34. Kf1
Rg1+ 35. Ke2 Rxd1 36. Kxd1 Nd4 37. Ke1 Ke6 38. Ra4 Kd5 39. Rxa7 Rc6 40. Kd2 Ke4
41. Re7 Rc2+ 42. Kd1 Rxb2 43. Kc1 Rxf2 44. h4 Kd5 45. h5 Rh2 46. Rh7 Kc4 47. h6
Kd3 48. Re7 Bf4+ 49. Kb1 Rxh6 50. a4 Bd2 51. a5 Bc3 0-1

[Event "Championship Moscow 2015 Seniors rapid"]
[Site "?"]
[Date "2015.11.29"]
[Round "4.17"]
[White "Alekhin, Yuri"]
[Black "Goroshilov, Vladislav"]
[Result "0-1"]
[BlackElo "2037"]
[WhiteElo "2141"]
[LiveChessVersion "1.4.6"]

1. d4 {[%clk 0:10:09]} Nf6 {[%clk 0:10:09]} 2. Bg5 {[%clk 0:10:13]} e6
{[%clk 0:10:12]} 3. e4 {[%clk 0:10:16]} h6 {[%clk 0:10:15]} 4. Bxf6
{[%clk 0:10:18]} Qxf6 {[%clk 0:10:19]} 5. e5 {[%clk 0:10:21]} Qd8
{[%clk 0:10:19]} 6. f4 {[%clk 0:10:25]} b6 {[%clk 0:10:17]} 7. Nf3 Bb7 8. Bd3
{[%clk 0:10:27]} g6 {[%clk 0:10:23]} 9. O-O Be7 10. Nbd2 {[%clk 0:10:27]} d6
{[%clk 0:10:27]} 11. Be4 {[%clk 0:10:26]} c6 {[%clk 0:10:21]} 12. c3
{[%clk 0:10:15]} O-O {[%clk 0:10:10]} 13. g4 {[%clk 0:10:11]} Nd7
{[%clk 0:10:08]} 14. f5 {[%clk 0:10:05]} exf5 {[%clk 0:09:59]} 15. gxf5
{[%clk 0:10:07]} dxe5 {[%clk 0:10:01]} 16. fxg6 {[%clk 0:10:04]} f5 17. Bc2
{[%clk 0:09:05]} e4 {[%clk 0:09:59]} 18. Ne1 {[%clk 0:08:50]} Bg5
{[%clk 0:09:51]} 19. Bb3+ {[%clk 0:08:51]} Kg7 {[%clk 0:09:54]} 20. Be6
{[%clk 0:08:45]} Kxg6 {[%clk 0:09:45]} 21. Nc4 {[%clk 0:07:42]} Qe7
{[%clk 0:08:55]} 22. Bxd7 {[%clk 0:07:43]} Ba6 {[%clk 0:07:36]} 23. Ne5+
{[%clk 0:06:58]} Kg7 {[%clk 0:07:37]} 24. Rxf5 {[%clk 0:06:19]} Rxf5
{[%clk 0:07:37]} 25. Bxf5 {[%clk 0:06:22]} c5 {[%clk 0:06:48]} 26. Qh5
{[%clk 0:06:21]} Qf6 {[%clk 0:06:34]} 27. Qg6+ {[%clk 0:06:19]} Qxg6
{[%clk 0:06:36]} 28. Bxg6 {[%clk 0:06:23]} cxd4 {[%clk 0:06:37]} 29. cxd4
{[%clk 0:06:03]} Be3+ {[%clk 0:06:38]} 30. Kg2 Bxd4 {[%clk 0:06:40]} 31. Bxe4
{[%clk 0:05:59]} Re8 32. Bd3 Bb7+ {[%clk 0:06:35]} 33. N5f3 {[%clk 0:04:34]} Bxb2
{[%clk 0:06:14]} 34. Rd1 {[%clk 0:04:27]} Bc3 {[%clk 0:06:09]} 35. Nc2
{[%clk 0:03:52]} Rf8 {[%clk 0:04:27]} 36. Be2 {[%clk 0:03:48]} Be4
{[%clk 0:04:21]} 37. Ncd4 {[%clk 0:03:48]} Kf6 {[%clk 0:03:38]} 38. Nb5
{[%clk 0:03:41]} Bb4 {[%clk 0:03:33]} 39. Rd4 {[%clk 0:03:18]} Rg8+
{[%clk 0:03:32]} 40. Kf1 {[%clk 0:03:20]} Bxf3 {[%clk 0:02:59]} 41. Rxb4
{[%clk 0:03:04]} Bxe2+ {[%clk 0:02:57]} 42. Kxe2 {[%clk 0:03:07]} Rg2+
{[%clk 0:03:02]} 43. Kf3 {[%clk 0:03:04]} Rxa2 {[%clk 0:03:05]} 44. h4
{[%clk 0:03:07]} h5 {[%clk 0:02:53]} 45. Nc7 {[%clk 0:02:55]} Ra3+
{[%clk 0:02:25]} 46. Kg2 {[%clk 0:02:37]} Kf5 {[%clk 0:02:16]} 47. Nd5
{[%clk 0:02:17]} Ra5 {[%clk 0:01:55]} 48. Ne3+ {[%clk 0:02:17]} Kf6
{[%clk 0:01:55]} 49. Kf3 {[%clk 0:02:20]} Ra3 {[%clk 0:01:54]} 50. Rf4+
{[%clk 0:01:59]} Kg6 {[%clk 0:01:52]} 51. Rc4 {[%clk 0:01:53]} Ra5
{[%clk 0:01:48]} 52. Rc6+ {[%clk 0:01:52]} Kg7 {[%clk 0:01:47]} 53. Kf4
{[%clk 0:01:54]} Kh7 {[%clk 0:01:26]} 54. Nf5 {[%clk 0:01:55]} b5
{[%clk 0:01:20]} 55. Kg5 {[%clk 0:01:50]} b4 {[%clk 0:01:23]} 56. Rc7+
{[%clk 0:01:52]} Kg8 {[%clk 0:01:24]} 57. Rb7 {[%clk 0:01:55]} Ra4
{[%clk 0:01:21]} 58. Kg6 {[%clk 0:01:51]} Ra6+ {[%clk 0:01:23]} 59. Kxh5
{[%clk 0:01:53]} Rb6 {[%clk 0:01:23]} 60. Rxa7 {[%clk 0:01:35]} b3
{[%clk 0:01:26]} 61. Ra1 {[%clk 0:01:37]} Rb5 {[%clk 0:01:25]} 62. Kg4
{[%clk 0:01:40]} Kh7 {[%clk 0:01:29]} 63. Rb1 {[%clk 0:01:40]} Rb4+
{[%clk 0:01:28]} 0-1

[Event "Championship Moscow 2015 Seniors rapid"]
[Site "?"]
[Date "2015.11.29"]
[Round "4.18"]
[White "Kirillov, Nikolay"]
[Black "Burkov, Dmitry"]
[Result "1-0"]
[BlackElo "2000"]
[WhiteElo "2139"]
[LiveChessVersion "1.4.6"]

1. d4 {[%clk 0:10:07]} Nf6 {[%clk 0:10:06]} 2. c4 {[%clk 0:10:15]} e6
{[%clk 0:10:15]} 3. Nc3 {[%clk 0:10:19]} Bb4 {[%clk 0:10:17]} 4. Bg5
{[%clk 0:10:21]} h6 {[%clk 0:10:15]} 5. Bxf6 {[%clk 0:10:11]} Bxc3+
{[%clk 0:10:05]} 6. bxc3 {[%clk 0:10:14]} Qxf6 {[%clk 0:10:08]} 7. e4
{[%clk 0:10:15]} e5 {[%clk 0:10:01]} 8. Nf3 {[%clk 0:09:50]} d6 {[%clk 0:10:04]}
9. Be2 {[%clk 0:09:10]} O-O {[%clk 0:10:04]} 10. O-O {[%clk 0:08:59]} Nc6
{[%clk 0:10:07]} 11. Rb1 {[%clk 0:08:21]} b6 {[%clk 0:10:08]} 12. Qd2
{[%clk 0:07:51]} Re8 {[%clk 0:10:01]} 13. d5 {[%clk 0:07:32]} Na5
{[%clk 0:09:30]} 14. Qe3 {[%clk 0:07:17]} Ba6 {[%clk 0:09:18]} 15. Nd2
{[%clk 0:07:19]} Rac8 {[%clk 0:09:19]} 16. f4 {[%clk 0:06:11]} exf4
{[%clk 0:09:15]} 17. Rxf4 {[%clk 0:06:15]} Qe7 {[%clk 0:08:57]} 18. Rbf1
{[%clk 0:05:45]} Rf8 {[%clk 0:08:41]} 19. Rg4 {[%clk 0:03:36]} f5
{[%clk 0:07:51]} 20. Rg6 {[%clk 0:03:28]} Kh7 {[%clk 0:07:22]} 21. Qg3
{[%clk 0:02:59]} fxe4 {[%clk 0:07:04]} 22. Re6 {[%clk 0:01:44]} Rxf1+
{[%clk 0:06:59]} 23. Bxf1 {[%clk 0:01:46]} Qf7 {[%clk 0:05:14]} 24. Rxe4
{[%clk 0:01:45]} Rf8 {[%clk 0:05:05]} 25. Bd3 {[%clk 0:01:41]} Kh8
{[%clk 0:05:08]} 26. Nf3 {[%clk 0:01:25]} Bc8 {[%clk 0:04:28]} 27. h3
{[%clk 0:01:15]} Nb7 {[%clk 0:04:27]} 28. Bc2 {[%clk 0:01:03]} Bf5
{[%clk 0:04:25]} 29. Rf4 {[%clk 0:01:04]} g6 {[%clk 0:04:06]} 30. Nh4
{[%clk 0:01:04]} Qg7 {[%clk 0:03:54]} 31. Nxg6+ {[%clk 0:00:39]} Bxg6
{[%clk 0:03:45]} 32. Rxf8+ {[%clk 0:00:43]} Qxf8 33. Qxg6 Qg7 {[%clk 0:03:46]}
34. Qe8+ {[%clk 0:00:48]} Qg8 {[%clk 0:03:49]} 35. Qd7 {[%clk 0:00:47]} Nc5
{[%clk 0:03:31]} 36. Qxc7 {[%clk 0:00:51]} Qg7 {[%clk 0:02:46]} 37. Qxd6
{[%clk 0:00:48]} Qxc3 {[%clk 0:02:24]} 38. Qf8# {[%clk 0:00:51]} 1-0

[Event "Championship Moscow 2015 Seniors rapid"]
[Site "?"]
[Date "2015.11.29"]
[Round "4.19"]
[White "Melnik, Viktor"]
[Black "Tseitline, Semen"]
[Result "1/2-1/2"]
[BlackElo "1976"]
[WhiteElo "2131"]
[LiveChessVersion "1.4.6"]

1. e4 {[%clk 0:10:08]} d6 {[%clk 0:10:14]} 2. d4 {[%clk 0:10:10]} Nf6
{[%clk 0:10:19]} 3. Nc3 g6 4. Be3 {[%clk 0:10:14]} c6 {[%clk 0:10:23]} 5. f3
{[%clk 0:10:14]} Nbd7 {[%clk 0:10:27]} 6. Qd2 {[%clk 0:10:13]} b5
{[%clk 0:10:25]} 7. a3 {[%clk 0:10:11]} a5 {[%clk 0:10:16]} 8. d5
{[%clk 0:10:10]} cxd5 {[%clk 0:10:09]} 9. Nxd5 {[%clk 0:09:47]} Rb8
{[%clk 0:09:34]} 10. c3 {[%clk 0:09:35]} Bg7 {[%clk 0:09:24]} 11. Nxf6+
{[%clk 0:08:57]} Nxf6 {[%clk 0:09:11]} 12. Rd1 {[%clk 0:08:41]} Qc7
{[%clk 0:08:07]} 13. Ne2 {[%clk 0:08:38]} O-O {[%clk 0:08:03]} 14. Nd4
{[%clk 0:08:41]} Bd7 {[%clk 0:08:02]} 15. Bd3 {[%clk 0:08:35]} b4
{[%clk 0:07:39]} 16. axb4 {[%clk 0:08:30]} axb4 {[%clk 0:07:43]} 17. c4
{[%clk 0:08:21]} Bc6 {[%clk 0:07:16]} 18. O-O {[%clk 0:08:19]} Nd7
{[%clk 0:07:13]} 19. Nxc6 {[%clk 0:07:47]} Qxc6 {[%clk 0:07:17]} 20. b3
{[%clk 0:07:39]} Nc5 {[%clk 0:07:17]} 21. Bc2 {[%clk 0:07:34]} Ra8
{[%clk 0:07:16]} 22. Bd4 {[%clk 0:07:33]} Bxd4+ {[%clk 0:07:07]} 23. Qxd4
{[%clk 0:07:37]} Ra2 {[%clk 0:07:07]} 24. Rd2 {[%clk 0:07:26]} Rfa8
{[%clk 0:06:52]} 25. Rfd1 {[%clk 0:07:27]} Ne6 {[%clk 0:06:46]} 26. Qe3
{[%clk 0:07:21]} Rb2 {[%clk 0:06:40]} 27. e5 {[%clk 0:07:03]} dxe5
{[%clk 0:06:22]} 28. Qxe5 {[%clk 0:06:44]} Qc5+ {[%clk 0:06:20]} 29. Qxc5 Nxc5
{[%clk 0:06:24]} 30. Rd8+ {[%clk 0:05:28]} Rxd8 {[%clk 0:06:23]} 31. Rxd8+
{[%clk 0:05:32]} Kg7 {[%clk 0:06:28]} 32. Rc8 {[%clk 0:05:35]} Nxb3
{[%clk 0:06:14]} 33. Bxb3 {[%clk 0:05:39]} Rxb3 {[%clk 0:06:19]} 34. c5
{[%clk 0:05:43]} Rc3 {[%clk 0:06:20]} 35. Rb8 {[%clk 0:05:47]} Rxc5
{[%clk 0:06:22]} 36. Rxb4 {[%clk 0:05:51]} Rd5 1/2-1/2

[Event "Championship Moscow 2015 Seniors rapid"]
[Site "?"]
[Date "2015.11.29"]
[Round "4.20"]
[White "Zverkhovski, Vladimir"]
[Black "Neiman, Mikhail"]
[Result "1/2-1/2"]
[BlackElo "2062"]
[WhiteElo "1939"]
[LiveChessVersion "1.4.6"]

1. d4 Nf6 2. Nf3 g6 3. Bf4 Bg7 4. h3 O-O 5. e3 d6 6. Be2 Nbd7 7. Bh2 c5 8. c3 b6
9. O-O Bb7 10. Nbd2 Rc8 11. a4 cxd4 12. exd4 a5 13. Re1 Nd5 14. Bf1 Qc7 15. Bc4
e5 16. dxe5 Nxe5 17. Nxe5 dxe5 18. Bxd5 Bxd5 19. Ne4 Rfd8 20. Qc2 Qc6 21. f3 f5
22. Nf2 Re8 23. Rad1 Qe6 24. Rd2 Bb3 25. Qd3 Bxa4 26. Qd6 Qxd6 27. Rxd6 Rc6 28.
Rxc6 Bxc6 29. Rd1 Bf8 30. Nd3 e4 31. Ne5 Bc5+ 32. Kf1 Ba4 33. Ra1 Bb3 34. fxe4
fxe4 35. Ke2 Kg7 36. Ng4 Bc4+ 37. Kd2 Rd8+ 38. Ke1 Rf8 39. Kd2 h5 40. Be5+ Kh7
41. Nf6+ Kh6 42. Nxe4 Be7 43. Ke3 Rd8 44. Bd4 g5 45. Re1 Bf8 46. Bf6 Re8 47.
Bxg5+ Kg6 48. h4 Bc5+ 49. Kf4 Bd6+ 50. Nxd6 Rxe1 51. Nxc4 Re2 52. Kf3 Rc2 53. Be3
b5 54. Nxa5 Rxb2 55. c4 bxc4 56. Nxc4 Rb4 57. Ne5+ Kf5 58. Nd3 Rxh4 1/2-1/2

[Event "Championship Moscow 2015 Seniors rapid"]
[Site "?"]
[Date "2015.11.29"]
[Round "5.1"]
[White "Arkhipov, Sergey"]
[Black "Ageichenko, Genadi A"]
[Result "1/2-1/2"]
[BlackElo "2219"]
[WhiteElo "2507"]
[LiveChessVersion "1.4.6"]

1. d4 {[%clk 0:10:07]} Nf6 {[%clk 0:10:08]} 2. c4 {[%clk 0:10:11]} e6
{[%clk 0:10:10]} 3. Nc3 {[%clk 0:10:14]} Bb4 {[%clk 0:10:13]} 4. Nf3
{[%clk 0:10:17]} Ne4 {[%clk 0:09:49]} 5. Qd3 {[%clk 0:09:45]} f5 {[%clk 0:09:49]}
6. g3 {[%clk 0:09:33]} b6 {[%clk 0:09:52]} 7. Bg2 {[%clk 0:09:36]} Bb7
{[%clk 0:09:56]} 8. O-O {[%clk 0:09:37]} Bxc3 {[%clk 0:09:33]} 9. bxc3
{[%clk 0:09:41]} O-O {[%clk 0:09:17]} 10. Ng5 {[%clk 0:09:32]} Nd6
{[%clk 0:09:08]} 11. Bxb7 Nxb7 {[%clk 0:09:11]} 12. e4 {[%clk 0:08:19]} Nc6
{[%clk 0:08:17]} 13. exf5 {[%clk 0:07:53]} exf5 {[%clk 0:08:15]} 14. h4
{[%clk 0:07:38]} Nd6 {[%clk 0:08:14]} 15. Ba3 {[%clk 0:07:33]} Qf6
{[%clk 0:08:09]} 16. c5 {[%clk 0:06:55]} bxc5 {[%clk 0:07:36]} 17. Bxc5
{[%clk 0:06:57]} Rfe8 {[%clk 0:07:32]} 18. Rfe1 {[%clk 0:06:50]} h6
{[%clk 0:07:26]} 19. Bxd6 {[%clk 0:06:20]} hxg5 {[%clk 0:07:15]} 20. Be5
{[%clk 0:06:07]} Nxe5 {[%clk 0:07:06]} 21. Rxe5 {[%clk 0:05:44]} gxh4
{[%clk 0:06:15]} 22. Rxf5 {[%clk 0:05:37]} Qg6 {[%clk 0:05:48]} 23. Qc4+
{[%clk 0:05:18]} Re6 {[%clk 0:05:39]} 24. Rf3 {[%clk 0:05:08]} hxg3
{[%clk 0:05:22]} 25. Rxg3 {[%clk 0:05:09]} Qf7 {[%clk 0:05:25]} 26. Qxc7
{[%clk 0:04:31]} Rae8 {[%clk 0:05:26]} 27. Kg2 {[%clk 0:03:41]} Re2
{[%clk 0:05:20]} 28. Rf1 {[%clk 0:03:33]} Rf8 {[%clk 0:05:08]} 29. Qd6
{[%clk 0:02:55]} Rxf2+ {[%clk 0:05:06]} 30. Rxf2 {[%clk 0:02:58]} Qxf2+
{[%clk 0:05:09]} 31. Kh3 {[%clk 0:03:01]} Qf1+ {[%clk 0:05:05]} 32. Rg2
{[%clk 0:02:49]} Rf6 {[%clk 0:04:13]} 33. Qd5+ {[%clk 0:02:21]} Kh8
{[%clk 0:04:01]} 34. Qa8+ {[%clk 0:02:09]} Kh7 {[%clk 0:03:59]} 35. Qe4+
{[%clk 0:02:13]} Kh8 {[%clk 0:04:00]} 36. Qa8+ {[%clk 0:02:16]} Rf8
{[%clk 0:03:08]} 37. Qe4 {[%clk 0:02:15]} Rf6 {[%clk 0:03:01]} 38. Qe8+
{[%clk 0:02:12]} Kh7 {[%clk 0:03:04]} 39. Qe4+ {[%clk 0:02:16]} Kg8
{[%clk 0:02:29]} 40. Qe8+ {[%clk 0:02:20]} Kh7 {[%clk 0:02:32]} 41. Qe4+
{[%clk 0:02:24]} Kg8 42. Qe8+ Rf8 43. Qe4 1/2-1/2